Life and time of Jaiprakash Narain (Record no. 66562)
[ view plain ]
| 000 -LEADER | |
|---|---|
| fixed length control field | 00387nam a22001457a 4500 |
| 005 - DATE AND TIME OF LATEST TRANSACTION | |
| control field | 20150225152144.0 |
| 008 - FIXED-LENGTH DATA ELEMENTS--GENERAL INFORMATION | |
| fixed length control field | 150225b xxu||||| |||| 00| 0 eng d |
| 040 ## - CATALOGING SOURCE | |
| Transcribing agency | PK-LaUMT |
| 082 ## - DEWEY DECIMAL CLASSIFICATION NUMBER | |
| Classification number | KHC 954.0350924 |
| Item number | BRI-L |
| 100 ## - MAIN ENTRY--PERSONAL NAME | |
| Personal name | Bright, J.S. |
| 245 ## - TITLE STATEMENT | |
| Title | Life and time of Jaiprakash Narain |
| Statement of responsibility, etc | J.S. Bright |
| 260 ## - PUBLICATION, DISTRIBUTION, ETC. (IMPRINT) | |
| Place of publication, distribution, etc | Lahore |
| Name of publisher, distributor, etc | Dewan's Publications |
| Date of publication, distribution, etc | 1947 |
| 300 ## - PHYSICAL DESCRIPTION | |
| Extent | 199 p. |
| 942 ## - ADDED ENTRY ELEMENTS (KOHA) | |
| Koha item type | Books |
| Withdrawn status | Lost status | Damaged status | Home library | Current library | Date acquired | Full call number | Barcode | Date last seen | Price effective from | Koha item type |
|---|---|---|---|---|---|---|---|---|---|---|
| UMT Main Campus | UMT Main Campus | 2015-02-25 | KHC 954.0350924 BRI-L | 70381 | 2015-02-25 | 2015-02-25 | Books |
